00759nam a2200217 i 4500003000900000005001700009007000300026008004100029040003000070082001300100110004500113245005800158264006700216300003000283336002700313337003400340338002800374500005400402500005100456710003400507DO-SdBNP20240305103019.0ta240305s201u dr 000 j spa d aDO-SdBNPbspacBNPHUerda bT253222 aTeatro Nacional (República Dominicana)00aBallet Nacional de Cuba :bAlicia Alonso, Programas / 1aSanto Domingo :bTeatro Nacional,bTele- 3c[no identificada]. a[12] páginas, c19 cm. 2rdacontentatextobtxt 2rdamediaasin mediación bn 2rdacarrieravolumenbnc aPrograma de los días 25, 26, 28 y 29 de febrero aIncluye datos biografícos de las bailarinas.1 aInstituto Americano del Libro